000 01081nam a2200265 a 4500
001 000030667
003 AM-YEHGA
005 20250618070936.0
008 001128s1966 ai |||||||||||||||||arm|d
040 _aAM-YeHGA
041 0 _aarm
100 1 _aՎարդանյան, Աղասի Հարությունի,
_d1891-1968
_92798
245 1 0 _aՏարիներ առաջ :
_b[Ալեքսանդրապոլի հեղափոխականների կյանքն ու գործունեությունը] /
_cԱ.Հ. Վարդանյան; Խմբ.՝ Ս.Գ. Մարգարյան.
260 _aԵրևան :
_bՀայաստան,
_c1966.
300 _a51 էջ :
_bլուսանկ. ;
_c22 սմ.
600 1 4 _aԽաչատրյան, Վասիլ
600 1 4 _aՇահինյան, Աղասի
600 1 4 _aՎարդանյան, Արտաշես
600 1 4 _aՍտամբոլցյան, Արտակ
650 1 4 _aԿոմունիստական կուսակցություն
653 _aՀայ հեղափոխական գործիչներ
700 1 _aՄարգարյան, Ս.Գ.
_eխմբ.
_4edt
942 _2udc
_cBK
090 _c14311
999 _c14203
_d14203